00771 2200265 4500001002100000005001700021008004100038020001800079035002500097040001200122041000800134043001200142082001000154084001600164100002300180245011400203260004400317300003600361504001700397650001600414850001200430990002100442990002100463990002100484YOGYA-0411000000235920150707143706.0 ind  a979-026-051-1 a0010-041100000002359 aYOPDYOG aInd aYOPDYOG a297.5 a297.5 San J aSANTOSO AZ, Lukman aJagalah lisanmuc/ Lukman Santoso AZ ; editor M. Alaika Salamullah ; ilustrator Bayu Aprianto, Lungir Wikanto aYogjakartabPustaka Insan Madanaic2008 axiii,177 hlmb: ilus.c; 18 cm. ahlm. 175-177 aEtika Islam aYOPDYOG a51922-PD/B.10b1 a51921-PD/B.10b1 a51920-PD/B.10b1